HIV and AIDS : selected topics (Record no. 486437)

MARC details
000 -LEADER
fixed length control field 00502nam a2200193Ia 4500
008 - FIXED-LENGTH DATA ELEMENTS--GENERAL INFORMATION
fixed length control field 210417s9999 xx 000 0 und d
020 ## - INTERNATIONAL STANDARD BOOK NUMBER
International Standard Book Number 9781632412539
-- 1632412535
082 ## - DEWEY DECIMAL CLASSIFICATION NUMBER
Classification number 616.9792 MOS
Item number 22.616.9792 MOS
245 #0 - TITLE STATEMENT
Title HIV and AIDS : selected topics
Statement of responsibility, etc. HIV and AIDS selected topics
250 ## - EDITION STATEMENT
Remainder of edition statement "vi, 328 p. : ill. ; 24 cm."
260 ## - PUBLICATION, DISTRIBUTION, ETC.
Place of publication, distribution, etc. New York
Name of publisher, distributor, etc. Hayle Medical
Date of publication, distribution, etc. 2015
700 ## - ADDED ENTRY--PERSONAL NAME
Personal name NULL
Numeration edited by Roger Mostafa
Holdings
Withdrawn status Lost status Source of classification or shelving scheme Damaged status Not for loan Home library Current library Shelving location Date acquired Total Checkouts Full call number Barcode Date last seen Price effective from Koha item type
    Dewey Decimal Classification     Anna Centenary Library Anna Centenary Library 5TH FLOOR, B WING 17.04.2021   616.9792 MOS 606494 17.04.2021 17.04.2021 Books

Find us on the map